000 00461cam a22001574a 4500
005 20250605163323.0
008 250528s ||||||||||||||||||||||||d
035 _a16818
020 _a9607019091
040 _aGR-AtMCL
_bgre
_dGR-AtMCL
_eAACR2
245 1 _aΠαιδαγωγική Ψυχολογική / Εγκυκλοπαίδεια Λεξικό
260 _bΕλληνικά Γράμματα,
_c1990
942 _cBK
999 _c2276
_d2276